Contabilidad administrativa: introducción

Saved in:
Bibliografiske detaljer
Hovedforfatter: Horngren, Charles T (Author)
Format: Bog
Sprog:spansk
Udgivet: Ciudad de México Prentice-Hall Hispanoamaericana 1983
Fag:
Tags: Tilføj Tag
Ingen Tags, Vær først til at tagge denne postø!

MARC

LEADER 00000nam a2200000 a 4500
001 UCR9367
003 CL-VaPUC
008 980613e19830000MX |||||||||||||||||spa|d
082 0 4 |a 658.151  |b HOR  |2 21 
100 |a Horngren, Charles T  |e author  |9 590581 
245 1 0 |a Contabilidad administrativa: introducción 
300 |a 655 p 
942 |c BK 
945 |d 19980613 00:00:00  |a crobeson 
260 |a Ciudad de México  |b Prentice-Hall Hispanoamaericana  |c 1983 
650 0 |a Contabilidad gerencial  |9 263747 
650 0 |a Contabilidad de costos   |9 260564 
650 0 |a Contabilidad financiera  |9 307017 
650 0 |a Ciencias administrativas  |9 337994 
650 0 |a Costos   |9 261063 
650 0 |a Presupuestos  |9 262669 
583 |a last modification  |c 20160426 01:19:42  |k Rodrigo Vera 
999 |c 270565  |d 270563